<?xml version="1.0" encoding="UTF-8"?>
<collection xmlns="http://www.loc.gov/MARC21/slim">
<record>
  <controlfield tag="001">120085</controlfield>
  <controlfield tag="005">20250702132815.0</controlfield>
  <datafield tag="024" ind1="8" ind2=" ">
    <subfield code="2">sideral</subfield>
    <subfield code="a">130596</subfield>
  </datafield>
  <datafield tag="037" ind1=" " ind2=" ">
    <subfield code="a">ART-2022-130596</subfield>
  </datafield>
  <datafield tag="041" ind1=" " ind2=" ">
    <subfield code="a">spa</subfield>
  </datafield>
  <datafield tag="100" ind1=" " ind2=" ">
    <subfield code="a">Esteban-Carbonell, Elisa</subfield>
    <subfield code="u">Universidad de Zaragoza</subfield>
    <subfield code="0">(orcid)0000-0002-1639-875X</subfield>
  </datafield>
  <datafield tag="245" ind1=" " ind2=" ">
    <subfield code="a">Convergencias y divergencias en cuanto a la parentalidad en Canadá y España: análisis comparado de programas</subfield>
  </datafield>
  <datafield tag="260" ind1=" " ind2=" ">
    <subfield code="c">2022</subfield>
  </datafield>
  <datafield tag="506" ind1="0" ind2=" ">
    <subfield code="a">Access copy available to the general public</subfield>
    <subfield code="f">Unrestricted</subfield>
  </datafield>
  <datafield tag="520" ind1="3" ind2=" ">
    <subfield code="a">Este artículo busca ilustrar, a partir de un análisis interpretativo y de contenido de diversos documentos oficiales con base en dichos programas, las orientaciones o lógicas subyacentes al funcionamiento y líneas de acción de programas de parentalidad positiva (PPP), dirigidos a familias vulnerables o en situación de riesgo en Quebec (Canadá) y España. En los últimos años, este tipo de programas ha adquirido protagonismo, aunque su desarrollo varía de un contexto a otro. Para el análisis en cuestión se escogieron siete programas (tres canadienses y cuatro españoles) que permiten identificar divergencias y convergencias respecto de las trayectorias con base en su creación y sus parámetros organizativos de intervención. Las conclusiones revelan la importancia dada a la parentalidad, señalando aspectos irresueltos en el seno de los servicios sociales, tales como la población destinatario o el principio de prevención.

The article aims to illustrate, based on a content and interpretive analysis of various official documents, the guidance and “underlying logics” governing the operation of positive parenting programmes (Triple P) aimed at families that are vulnerable or in a situation of risk in Quebec (Canada) and Spain. In recent years, this type of program has taken on an important role, although its development varies from one context to another. For the analysis, seven programs were chosen (three Canadian and four Spanish) that allow identifying divergences and convergences both with respect to the trajectories at the base of their creation and their organizational parameters of intervention. The conclusions reveal the importance given to parenting, pointing out aspects still under debate within social services such as the target population or the principle of prevention.</subfield>
  </datafield>
  <datafield tag="540" ind1=" " ind2=" ">
    <subfield code="9">info:eu-repo/semantics/openAccess</subfield>
    <subfield code="a">by</subfield>
    <subfield code="u">http://creativecommons.org/licenses/by/3.0/es/</subfield>
  </datafield>
  <datafield tag="655" ind1=" " ind2="4">
    <subfield code="a">info:eu-repo/semantics/article</subfield>
    <subfield code="v">info:eu-repo/semantics/publishedVersion</subfield>
  </datafield>
  <datafield tag="700" ind1=" " ind2=" ">
    <subfield code="a">Carnicero-Hernández, Enrique</subfield>
    <subfield code="u">Universidad de Zaragoza</subfield>
    <subfield code="0">(orcid)0000-0001-9443-3656</subfield>
  </datafield>
  <datafield tag="700" ind1=" " ind2=" ">
    <subfield code="a">Del Olmo-Vicén, Nuria</subfield>
    <subfield code="u">Universidad de Zaragoza</subfield>
    <subfield code="0">(orcid)0000-0003-3249-1732</subfield>
  </datafield>
  <datafield tag="710" ind1="2" ind2=" ">
    <subfield code="1">4009</subfield>
    <subfield code="2">735</subfield>
    <subfield code="a">Universidad de Zaragoza</subfield>
    <subfield code="b">Dpto. Psicología y Sociología</subfield>
    <subfield code="c">Área Psicolog.Evolut.Educac</subfield>
  </datafield>
  <datafield tag="710" ind1="2" ind2=" ">
    <subfield code="1">4009</subfield>
    <subfield code="2">813</subfield>
    <subfield code="a">Universidad de Zaragoza</subfield>
    <subfield code="b">Dpto. Psicología y Sociología</subfield>
    <subfield code="c">Área Trabajo Social y Serv.Soc</subfield>
  </datafield>
  <datafield tag="773" ind1=" " ind2=" ">
    <subfield code="g">18 (2022), 16-42</subfield>
    <subfield code="t">Cuaderno de Trabajo Social</subfield>
    <subfield code="x">0717-9391</subfield>
  </datafield>
  <datafield tag="856" ind1="4" ind2=" ">
    <subfield code="s">212605</subfield>
    <subfield code="u">http://zaguan.unizar.es/record/120085/files/texto_completo.pdf</subfield>
    <subfield code="y">Versión publicada</subfield>
  </datafield>
  <datafield tag="856" ind1="4" ind2=" ">
    <subfield code="s">1011514</subfield>
    <subfield code="u">http://zaguan.unizar.es/record/120085/files/texto_completo.jpg?subformat=icon</subfield>
    <subfield code="x">icon</subfield>
    <subfield code="y">Versión publicada</subfield>
  </datafield>
  <datafield tag="856" ind1="4" ind2="1">
    <subfield code="u">https://cuadernots.utem.cl/articulos/convergencias-y-divergencias-en-cuanto-a-la-parentalidad-en-canada-y-espana-analisis-comparado-de-programas/</subfield>
    <subfield code="z">Texto completo de la revista</subfield>
  </datafield>
  <datafield tag="909" ind1="C" ind2="O">
    <subfield code="o">oai:zaguan.unizar.es:120085</subfield>
    <subfield code="p">articulos</subfield>
    <subfield code="p">driver</subfield>
  </datafield>
  <datafield tag="951" ind1=" " ind2=" ">
    <subfield code="a">2025-07-02-13:26:06</subfield>
  </datafield>
  <datafield tag="980" ind1=" " ind2=" ">
    <subfield code="a">ARTICLE</subfield>
  </datafield>
</record>
</collection>